|
|
|
|
| LEADER |
01377nam a2200325 a 4500 |
| 001 |
28575 |
| 003 |
BD-DhAAL |
| 005 |
20141209121605.0 |
| 008 |
141209s2005 bg a b 001 0 eng d |
| 010 |
|
|
|a 2005310907
|
| 020 |
|
|
|a 9840517341
|
| 025 |
|
|
|a B-E-2005-310907; 22
|
| 037 |
|
|
|b Library of Congress -- New Delhi Overseas Office
|c Tk300.00
|
| 040 |
|
|
|a DLC
|c DLC
|d DLC
|
| 042 |
|
|
|a lcode
|
| 043 |
|
|
|a a-bg---
|
| 050 |
0 |
0 |
|a HQ799.B36
|b D537 2005
|
| 082 |
|
|
|2 22
|a 306.7084254922
|
| 100 |
0 |
|
|a Lazeena, Muna.
|9 6774
|
| 245 |
1 |
0 |
|a Romance and pleasure :
|b understanding the sexual conduct of young people in Dhaka in the era of HIV and AIDS /
|c Lazeena Muna.
|
| 260 |
|
|
|a Dhaka :
|b University Press,
|c 2005.
|
| 300 |
|
|
|a xvii, 183 p. :
|b ill. ;
|c 22 cm.
|
| 504 |
|
|
|a Includes bibliographical references (p. [143]-152) and index.
|
| 520 |
|
|
|a On the sexual behaviour of young adults in Dhaka, Bangladesh and the possibilities of HIV infections due to unsafe sex; a study.
|
| 541 |
|
|
|e 28575
|
| 650 |
|
0 |
|a Young adults
|x Sexual behavior
|z Bangladesh
|z Dhaka.
|9 6775
|
| 650 |
|
0 |
|a HIV infections
|z Bangladesh
|z Dhaka.
|9 6776
|
| 942 |
|
|
|2 ddc
|c BK
|
| 999 |
|
|
|c 33286
|d 33286
|
| 952 |
|
|
|0 0
|1 0
|2 ddc
|4 0
|6 306_708425492200000_LAZ
|7 0
|9 44450
|a BRACUL
|b BRACUL
|c GEN
|d 2014-12-09
|e Development Book Agency
|g 258.00
|l 3
|m 12
|o 306.7084254922 LAZ
|p 3010028575
|r 2024-10-23
|s 2024-09-30
|t 1
|w 2014-12-09
|y BK
|